Nghề trồng nấm mùa hè
Cung cấp một số đặc điểm và hướng dẫn kỹ thuật trồng, chăm sóc mộc nhĩ, nấm sò và nấm rơm
Saved in:
| Main Author: | |
|---|---|
| Format: | Book |
| Language: | Undetermined |
| Published: |
Hà Nội
Nông nghiệp
2012
|
| Subjects: | |
| Tags: |
Add Tag
No Tags, Be the first to tag this record!
|
| Institutions: | Trung tâm Học liệu Trường Đại học Cần Thơ |
|---|
| LEADER | 00786nam a2200205Ia 4500 | ||
|---|---|---|---|
| 001 | CTU_208889 | ||
| 008 | 210402s9999 xx 000 0 und d | ||
| 020 | |c 17900 | ||
| 082 | |a 635.8 | ||
| 082 | |b H513/Q.29 | ||
| 100 | |a Nguyễn, Lân Hùng | ||
| 245 | 0 | |a Nghề trồng nấm mùa hè | |
| 245 | 0 | |c Nguyễn Lân Hùng (Chủ nhiệm chương trình), Lê Duy Thắng | |
| 260 | |a Hà Nội | ||
| 260 | |b Nông nghiệp | ||
| 260 | |c 2012 | ||
| 520 | |a Cung cấp một số đặc điểm và hướng dẫn kỹ thuật trồng, chăm sóc mộc nhĩ, nấm sò và nấm rơm | ||
| 650 | |a Mushrooms, edible,Nấm ăn được | ||
| 904 | |i Hải | ||
| 980 | |a Trung tâm Học liệu Trường Đại học Cần Thơ | ||